00985cpcaa2200277 a 4500001001300000003000400013005001700017008004100034010001700075040002400092072001200116100003900128245004800167300001300215506002200228520015300250545003500403546003600438580005700474600005500531651003800586656002100624656002100645656002400666999001700690mm 80002078 DLC20260227111659.0800115|||||||||||| eng  amm 80002078  aDLCcDLCdDLCedacs 7aL2lcmd1 aWallace, John William,d1815-1884.00aJohn William Wallace correspondence,f1863. a1fitem.0 aOpen to research.0 aALS (1863 June 28) written by Wallace to John Romeyn Brodhead relating to Wallace's gift to Brodhead of a copy of Pennsylvania Archives (1852-1856).0 aLawyer, author, and librarian. aCollection material in English. aForms part of: Miscellaneous Manuscripts collection.10aBrodhead, John Romeyn,d1814-1873vCorrespondence. 0aPennsylvaniaxArchival resources. 7aAuthors.2itoamc 7aLawyers.2itoamc 7aLibrarians.2itoamc c42451d42451